000 00743nam a2200217 4500
003 OSt
005 20240716011226.0
006 a
008 240716b |||||||| |||| 00| 0 eng d
020 _a9814119180
040 _aDWCL-Main lib.
_cOC
082 _2Updated third edition
_aCirc. 621.395 W149d 2002
100 _aWakerly, John F.
245 _aDigital design: principles and practices /
250 _aUpdated third edition
260 _aSingapore :
_bPearson Education Asia Pte Ltd.,
_cc2002.
300 _axxiii,
_b946 p. : ill. ;
_c23 cm.
504 _aIncludes bibliographical references and index.
650 _a1. Digital integrated circuits-Design and construction.
942 _2ddc
_n0
_cBK-CIRC
_eUpdated third edition
_kCirc.
999 _c2220
_d2220